000 00585nam a2200193Ia 4500
005 20260601193220.0
008 260601s9999||||xx |||||||||||||| ||und||
020 _a978-981-99-4792-8
_qebk
100 _aNguyen Hoang Thuan
245 0 _aInformation Systems Research in Vietnam, Volume 2
250 _a2024
260 _aHeidelberg, Germany
_bSpringer Nature
_c2024
650 _aComputer Science
700 _aDuy Dang-Pham
700 _aHoanh-Su Le
700 _aTuan Q. Phan
856 _uhttps://link.springer.com/openurl?genre=book&isbn=978-981-99-4792-8
942 _cEB
_2ddc
999 _c55768
_d55768